ARRUPE JESUIT UNIVERSITY

CORONAVIRUS -STOP THE SPREAD - CLEAN,DISINFECT,COVER

The Eighth army (Record no. 119531)

MARC details
000 -LEADER
fixed length control field 00491nam a22001457a 4500
008 - FIXED-LENGTH DATA ELEMENTS--GENERAL INFORMATION
fixed length control field 140113b xxu||||| |||| 00| 0 eng d
050 ## - LIBRARY OF CONGRESS CALL NUMBER
Classification number D766.82.E34
100 ## - MAIN ENTRY--PERSONAL NAME
Personal name Great |Britain. War Office
9 (RLIN) 6546
245 ## - TITLE STATEMENT
Title The Eighth army
Remainder of title September 1941 to January 1943
260 ## - PUBLICATION, DISTRIBUTION, ETC. (IMPRINT)
Place of publication, distribution, etc London
Name of publisher, distributor, etc His Majesty's Stationery Office
Date of publication, distribution, etc 1943
300 ## - PHYSICAL DESCRIPTION
Extent 105p.
Dimensions 23cm
650 ## - SUBJECT ADDED ENTRY--TOPICAL TERM
Topical term or geographic name as entry element World War 1939-1945 - Campaigns - Africa, North
9 (RLIN) 6547
650 ## - SUBJECT ADDED ENTRY--TOPICAL TERM
Topical term or geographic name as entry element Great Britain - Eight Army
9 (RLIN) 6548
942 ## - ADDED ENTRY ELEMENTS (KOHA)
Source of classification or shelving scheme Library of Congress Classification
Item type Monograph ( Printed materials)
Holdings
Withdrawn status Lost status Source of classification or shelving scheme Damaged status Not for loan Home library Current library Date acquired Total Checkouts Full call number Barcode Date last seen Date last borrowed Price effective from Koha item type
    Library of Congress Classification     ARRUPE LIBRARY ARRUPE LIBRARY 13/01/2014 1 D766.82.E34 464122543 22/10/2018 20/10/2018 13/01/2014 Monograph ( Printed materials)

 

Arrupe Library. PO Box MP320 Mt Pleasant, Harare, Zimbabwe
263 242 745411|librarian@aju.ac.zw